| 000 | 00854nam a2200241 a 4500 | ||
|---|---|---|---|
| 001 | 44696 | ||
| 003 | BD-RjUL | ||
| 005 | 20211209053913.0 | ||
| 008 | 160720s1956 bg ||||| |||| 00| 0 ben d | ||
| 020 | _c: PRs.3.00 | ||
| 035 | _a(BD-RjUL)44814 | ||
| 040 |
_aBD-RjUL _bben _cBD-RjUL _dBD-RjUL |
||
| 041 | _aben | ||
| 082 |
_223 _a891.443 _bHOF 1956 |
||
| 100 |
_aহোসেন, কাজী আবুল _9118405 |
||
| 245 | 1 | 0 |
_aফেলে আসা দিন গুলি / _cকাজী আবুল হোসেন |
| 250 | _a২য় সং. | ||
| 260 |
_aঢাকা : _bওসমানিয়া বুক ডিপো, _c১৯৫৬ |
||
| 300 |
_a[৮], ২১৫ পৃ. : _bচিত্র ; _c১৭ সেমি. |
||
| 650 |
_aবাংলা উপন্যাস _9137062 |
||
| 650 |
_aBengali Fiction _9137063 |
||
| 942 |
_2ddc _cBK |
||
| 999 |
_c44696 _d44696 |
||